000 00741nam a2200169Ia 4500
008 090711s9999 xx 000 0 und d
082 _b8035
100 _aजोशी न. ग.
245 _aमहाभारत मराठी भाषांतर (भाग 8- भीष्मपर्व)
260 _bदामोदर सांवळाराम आणि मंडळी
_c1937
300 _a180
600 _aजोशी न. ग.
630 _aमहाभारत मराठी भाषांतर (भाग 8- भीष्मपर्व)
700 _aजोशी न. ग.
730 _aमहाभारत मराठी भाषांतर (भाग 8- भीष्मपर्व)
942 _cBOOK
999 _c282915
_d282915